Biochemistry / (Registro nro. 20098)
[ vista simple ]
| 000 -CABECERA | |
|---|---|
| Campo de control | 00663cam a2200217 a 4500 |
| 005 - FECHA Y HORA DE LA ULTIMA TRANSACCION | |
| Campo de control | 20180803170443.0 |
| 008 - ELEMENTOS DE LONGITUD FIJA—INFORMACION GENERAL | |
| Campo de control | 960215s1995 nyua b 001 0 eng |
| 020 ## - ISBN | |
| ISBN | 0716720094 |
| 040 ## - FUENTE DE CATALOGACIÓN | |
| Agencia catalogadora original | DLC |
| Agencia transcriptora | DLC |
| Agencia Modificadora | VET |
| -- | MYG |
| -- | CO-BO-IAvH |
| 041 ## - IDIOMA | |
| Código de idioma para texto/pista de sonido o título separado | Inglés |
| 082 00 - NUMERO DE CLASIFICACION DECIMAL DEWEY | |
| Número de clasificación | 572.3 |
| Número del ítem | S92b |
| 100 1# - ASIENTO PRINCIPAL--NOMBRE PERSONAL | |
| Nombre personal | Stryer, Lubert |
| Término relacionado | autor |
| 9 (RLIN) | 9241 |
| 245 10 - MENCION DE TITULO | |
| Título | Biochemistry / |
| Mención de responsabilidad | Lubert Stryer |
| 250 ## - MENCION DE EDICION | |
| Mención de edición | Cuarta edición |
| 260 ## - PUBLICACION, DISTRIBUCION, ETC. (PIE DE IMPRENTA) | |
| Lugar de publicación, distribución, etc. | New York : |
| Nombre del editor, distribuidor, etc. | W.H. Freeman, |
| Fecha de publicación, distribución, etc. | 1995. |
| 300 ## - DESCRIPCION FISICA | |
| Extensión | xxxiv, 1064 p. : |
| Otros detalles físicos | algunas ilustraciones a color |
| Dimensiones | 29 cm. |
| 504 ## - NOTA DE BIBLIOGRAFIA, ETC. | |
| Nota de bibliografía | Incluye referencias bibliográficas e índice |
| 650 #0 - ASIENTO SECUNDARIO DE MATERIA - TERMINO TEMATICO | |
| Término temático o nombre geográfico como elemento de entrada | Biochemistry. |
| 9 (RLIN) | 90332 |
| 650 #0 - ASIENTO SECUNDARIO DE MATERIA - TERMINO TEMATICO | |
| Término temático o nombre geográfico como elemento de entrada | Bioquímica |
| 9 (RLIN) | 93680 |
| 942 ## - ELEMENTOS ADICIONALES (KOHA) | |
| Sistema de clasificación | Dewey Decimal Classification |
| Tipo de ítem | Libro |
| Withdrawn status | Lost status | Sistema de Clasificación | Damaged status | No para préstamo | Colección | Ubicación Permanente | Ubicación actual | Fecha de adquisición | Fuente de Valor | Valor | Total Checkouts | Número topográfico | Inventario / Código de Barras | Date last seen | Ejemplar | Price effective from | Forma de adquisición | Tipo de material |
|---|---|---|---|---|---|---|---|---|---|---|---|---|---|---|---|---|---|---|
| Dewey Decimal Classification | General | Bogotá | Bogotá | 09/03/2018 | Universidad de Los Andes | 150000.00 | LB-572.3 S92b | 043520 | 09/03/2018 | Ej. 1 | 09/03/2018 | Donación | Libro |